000 00490nam a22001937a 4500
003 MPLRDC
005 20220104124521.0
008 210129b ||||| |||| 00| 0 eng d
020 _a957-693-127-4
082 _a308 RYZR v.3
100 _aJOSEPH CORNELL
245 _a共享自然的喜悦
_c方洁玫译
250 _a初版一刷
260 _a
_b张老师出版社
_c1994
300 _b
490 _a人与自然系列. 3
650 _a科学丛书
942 _cBK
_o308 RYZR v.3
999 _c19963
_d19953